Destinos del Aeropuerto Int. Rosario - Estadísticas

Estadísticas generales
  • Esta prueba ha sido intentada 29 veces
    4 desde el último reinicio
  • La puntuación promedio es 9 de 12
Estadísticas de respuestas
Aerolíneas Destino % Correcto
Aerolíneas Argentinas Buenos Aires (AEP)
100%
Aerolíneas Argentinas Buenos Aires (EZE)
100%
LATAM Airlines Lima
100%
Gol Líneas Aéreas Río de Janeiro
100%
Copa Airlines Ciudad de Panamá
75%
Aerolíneas Argentinas Mendoza
75%
Aerolíneas Argentinas Salta
75%
Aerolíneas Argentinas San Carlos de Bariloche
75%
LATAM Airlines São Paulo
75%
Aerolíneas Argentinas Puerto Iguazú
50%
Aerolíneas Argentinas Neuquen
25%
Aerolíneas Argentinas San Martin de los Andes
25%
No se encontraron pruebas coincidentes
Distribución de puntuación
Porcentaje de gente con cada puntuación
Porcentaje por número respondido
Historial de tus puntuaciones
No has intentado esta prueba desde el último reinicio